000 00803cam a22002533a 4500
001 1722
003 PGUSA
005 20140828083005.0
008 990401s1999||||xxu|||||s|||||000 | eng d
040 _aPGUSA
_beng
042 _adc
050 4 _aBX
100 1 _aLuther, Martin,
_d1483-1546
245 1 0 _aMartin Luther's Large Catechism, translated by Bente and Dau
_h[electronic resource] /
_cMartin Luther
260 _bProject Gutenberg,
_c1999
506 _aPublic domain in the USA.
516 _aElectronic text
653 _aLutheran Church -- Catechisms -- English
700 1 _aBente, F.
_q(Friedrich),
_d1858-1930
700 1 _aDau, W. H. T.
_q(William Herman Theodore),
_d1864-1944
830 0 _aProject Gutenberg
_v1722
856 4 0 _uhttp://www.gutenberg.org/ebooks/1722
942 _cEB
999 _c231068
_d231068